00966nam a2200217 a 4500001001000000003000900010005001700019007000300036008004100039040002500080082000700105100003100112245016100143260011100304300002100415500007400436500004200510504002800552700005600580710011200636000046215DO-SdBNP20230220100634.0ta150707s2001 dr 000 0 spa d aDO-SdBNPbspacBNPHU 42221 aDespradel, Alberto,d1948-13aLa misión diplomática dominicana en la China Continenetal 1947-1950:b1947-1950 /cAlberto Despradel ; presentación Miguel Antonio Rodríguez Cabrer. aSanto Domingo :bSecretaría de Estado de Relaciones Exteriores, Escuela Diplomática y Consular,c2001. a181 p. ;c23 cm. aIncluye referencias bibliográficas y notas al pie de las páginas. aIncluye datos biográficos del autor aBibliografía : p. 1711 aRodríguez Cabrer, Miguel Antonio,epresentación2 aRepública Dominicana.bSecretaría de Estado de Relaciones Exteriores, Escuela Diplomática y Consular,